Gaming Quiz

Random Gaming or Pokémon Quiz

Pokemon Alolan Forms Quiz Stats

 Plays Quiz not verified by Sporcle

Score 0/13 Timer 05:00
0 Plays Today
primary type alolan form % Correct
icevulpix
98.1%
grassexeggutor
94.4%
icesandshrew
94.4%
electricraichu
93.5%
icesandslash
92.6%
darkrattata
88.9%
darkraticate
87.1%
poisongrimer
87.1%
poisonmuk
87.1%
darkpersian
85.2%
iceninetales
81.5%
darkmeowth
81.5%
firemarowak
80.6%

You're not logged in!

Compare scores with friends on all Sporcle quizzes.
OR
Log In

Sporcle TV

Today on Sporcle TV


Watch our educational content, quiz creation guides, and fun videos on Sporcle TV.

Show Comments

Extras

Top Quizzes Today


Score Distribution

Your Account Isn't Verified!

In order to create a playlist on Sporcle, you need to verify the email address you used during registration. Go to your Sporcle Settings to finish the process.

Report this User

Report this user for behavior that violates our Community Guidelines.

Details: